000 00203nam a22000857a 4500
008 161217b xxu||||| |||| 00| 0 eng d
100 _92109
_aCCE
245 _aMATHEMATICS X Q.B
260 _aNew Delhi
_bCCE
_c2011
999 _c4994
_d4994